[Event "Essen op 20th"]
[Site "Essen"]
[Date "2005.05.06"]
[Round "4"]
[White "Eismont, Igor"]
[Black "Ozerov, Ilja"]
[Result "1-0"]
[WhiteElo "2290"]
[BlackElo "1890"]
[PlyCount "63"]
[EventDate "2005.05.04"]
[EventType "swiss"]
[EventRounds "7"]
[EventCountry "GER"]
[SourceTitle "CBM 106 Extra"]
[Source "ChessBase"]
[SourceDate "2005.07.01"]
[SourceVersion "1"]
[SourceVersionDate "2005.07.01"]
[SourceQuality "1"]

1. d4 Nf6 2. Nf3 g6 3. c4 Bg7 4. Nc3 d5 5. cxd5 Nxd5 6. e4 Nxc3 7. bxc3 c5 8. Bb5+ Bd7 9. Bxd7+ Nxd7 10. 0-0 0-0 11. Bg5 Qa5 12. Qd3 Rfe8 13. Bd2 Qa4 14. Rab1 Rad8 15. Qe2 b6 16. Rb2 cxd4 17. cxd4 Nb8 18. Be3 Nc6 19. e5 Rc8 20. h4 Nb4 21. h5 Nd5 22. hxg6 hxg6 23. Ng5 f6 24. Qg4 Nxe3 25. Qe6+ Kh8 26. Qh3+ Kg8 27. Qh7+ Kf8 28. Qxg6 fxg5 29. fxe3+ Kg8 30. g3 Qc6 31. Qf7+ Kh8 32. Rh2+ 1-0

[Event "Ruhrgebiet Seniors op 12th"]
[Site "Essen"]
[Date "2005.04.12"]
[Round "5"]
[White "Eismont, Igor"]
[Black "Krueger, Erich"]
[Result "1-0"]
[WhiteElo "2213"]
[BlackElo "2149"]
[PlyCount "101"]
[EventDate "2005.04.04"]
[EventType "swiss"]
[EventRounds "9"]
[EventCountry "GER"]
[SourceTitle "EXT 2007"]
[Source "ChessBase"]
[SourceDate "2006.11.23"]
[SourceVersion "1"]
[SourceVersionDate "2006.11.23"]
[SourceQuality "1"]

1. d4 Nf6 2. c4 g6 3. Nc3 Bg7 4. e4 d6 5. Nf3 0-0 6. h3 e5 7. d5 Na6 8. Bg5 h6 9. Be3 Nc5 10. Nd2 a5 11. g4 c6 12. g5 hxg5 13. Bxg5 Qe8 14. Be2 Nh7 15. Be3 f5 16. Qc2 Nf6 17. 0-0-0 cxd5 18. cxd5 Ncxe4 19. Ndxe4 Nxe4 20. Nxe4 fxe4 21. Kb1 Bf5 22. h4 Rf7 23. Qd2 Rc7 24. Rc1 Rxc1+ 25. Rxc1 Qd8 26. h5 gxh5 27. Bxh5 Rc8 28. Rxc8 Bxc8 29. Bg6 Qf6 30. Qxa5 Qxg6 31. Qd8+ Kh7 32. Qxc8 Qh5 33. Kc1 Qf7 34. Qc4 Qg6 35. Kd2 Qg2 36. a4 Qh1 37. Kc2 Qf3 38. a5 Kg6 39. Qb5 Qf7 40. Qc4 Qf3 41. Qf1 Qg4 42. Qd1 Qd7 43. Kb1 Bf6 44. Qh1 Qf5 45. Ka2 Kf7 46. Qc1 Qd7 47. Qc4 Bd8 48. Qxe4 Qb5 49. Qh7+ Ke8 50. Qg8+ Kd7 51. Qe6+ 1-0

[Event "Dortmund-ch"]
[Site "Dortmund"]
[Date "2005.03.17"]
[Round "9"]
[White "Eismont, Igor"]
[Black "Starp, Klaus"]
[Result "1-0"]
[WhiteElo "2174"]
[BlackElo "1912"]
[PlyCount "49"]
[EventDate "2005.02.28"]
[EventType "swiss"]
[EventRounds "9"]
[EventCountry "GER"]
[SourceTitle "CBM 105 Extra"]
[Source "ChessBase"]
[SourceDate "2005.05.01"]
[SourceVersion "1"]
[SourceVersionDate "2005.05.01"]
[SourceQuality "1"]

1. d4 Nf6 2. c4 c5 3. d5 e6 4. Nc3 exd5 5. cxd5 d6 6. e4 g6 7. Bd3 Bg7 8. Nge2 0-0 9. 0-0 Re8 10. Bg5 a6 11. Kh1 Qc7 12. Ng3 Nbd7 13. f4 b5 14. a3 c4 15. Bc2 Nc5 16. h3 h6 17. Bxf6 Bxf6 18. e5 dxe5 19. f5 g5 20. d6 Qc6 21. Be4 Nxe4 22. Ncxe4 Bg7 23. Qh5 Bb7 24. f6 Bf8 25. Rae1 1-0

[Event "Dortmund-ch"]
[Site "Dortmund"]
[Date "2005.03.07"]
[Round "4"]
[White "Hillebrand, Carsten"]
[Black "Eismont, Igor"]
[Result "0-1"]
[WhiteElo "1941"]
[BlackElo "2174"]
[PlyCount "80"]
[EventDate "2005.02.28"]
[EventType "swiss"]
[EventRounds "9"]
[EventCountry "GER"]
[SourceTitle "CBM 105 Extra"]
[Source "ChessBase"]
[SourceDate "2005.05.01"]
[SourceVersion "1"]
[SourceVersionDate "2005.05.01"]
[SourceQuality "1"]

1. c4 Nf6 2. Nf3 e6 3. g3 d5 4. Bg2 dxc4 5. Qa4+ Bd7 6. Qxc4 Nc6 7. 0-0 Bd6 8. d4 0-0 9. a3 Rb8 10. b4 b5 11. Qc2 a5 12. e4 Be7 13. bxa5 Nxa5 14. Rd1 Rc8 15. Ne5 c5 16. dxc5 Rxc5 17. Qb2 Qc8 18. Nd2 Rd8 19. Ra2 Be8 20. Re1 Qc7 21. Ndf3 Nxe4 22. Be3 Nc4 23. Nxc4 Rxc4 24. Bf4 Qa5 25. Bf1 Bf6 26. Be5 Ng5 27. Re3 Nxf3+ 28. Rxf3 Bxe5 29. Qxe5 Rc1 30. Ra1 Rc2 31. Bd3 Rd2 32. Qe4 g6 33. Be2 Qc7 34. Re3 Rb2 35. h4 h5 36. Qf3 Bc6 37. Qf6 Rdd2 38. Re1 Qd8 39. Qf4 Rxe2 40. R3xe2 Rxe2 0-1

[Event "Dortmund-ch"]
[Site "Dortmund"]
[Date "2005.03.03"]
[Round "3"]
[White "Eismont, Igor"]
[Black "Tkachuk, Konstantyn"]
[Result "1-0"]
[WhiteElo "2174"]
[BlackElo "1871"]
[PlyCount "78"]
[EventDate "2005.02.28"]
[EventType "swiss"]
[EventRounds "9"]
[EventCountry "GER"]
[SourceTitle "CBM 105 Extra"]
[Source "ChessBase"]
[SourceDate "2005.05.01"]
[SourceVersion "1"]
[SourceVersionDate "2005.05.01"]
[SourceQuality "1"]

1. d4 Nf6 2. c4 g6 3. Nc3 Bg7 4. e4 d6 5. g3 0-0 6. Bg2 e5 7. Nge2 Nbd7 8. d5 Ne8 9. 0-0 f5 10. Be3 Nef6 11. exf5 gxf5 12. h3 Nh5 13. f4 Bh6 14. Qd2 exf4 15. gxf4 Ndf6 16. Bf3 Qe8 17. Rf2 Rf7 18. Kh1 Rg7 19. Rg1 Rxg1+ 20. Kxg1 Bd7 21. Rg2+ Kf8 22. c5 Qe7 23. c6 bxc6 24. dxc6 Be8 25. b4 a6 26. a4 Bf7 27. b5 axb5 28. axb5 Ra1+ 29. Kh2 Ng4+ 30. Bxg4 fxg4 31. Rxg4 Be6 32. f5 Bxe3 33. Qxe3 Bxf5 34. Rg8+ Kf7 35. Qxe7+ Kxe7 36. Nd4 Kf7 37. Rb8 Bxh3 38. Kxh3 Ra3 39. Nde2 d5 1-0